00624 2200229 4500001002100000005001700021008004100038035002400079082001100103090001600114245007900130250001100209260002900220300002500249500002900274650003100303700001200334850001200346980001500358985000600373999001500379YOGYA-0209000006478820090227040335.0 ind  0010-020900000064788 a499.22 a499.22bPer aPERKEMBANGAN bahasa Jawa sesudah perang Dunia keduacSoedjiatno...[et.al.] aCet. 1 aJakartabDepdikbudc1984 axvii, 199 hlmc21 cm aBibliografi : hlm. 93-94 aBahasa Jawa - Perkembangan aujiatno aYOPDYOG a27-08-2008 a1 aa000064160